LEADER 01263nam0-22003971i-450- 001 990005465630203316 005 20010829120000.0 035 $a000546563 035 $aUSA01000546563 035 $a(ALEPH)000546563USA01 035 $a000546563 100 $a20010829d1985-------|0itac50------ba 101 $aita 102 $aIT 105 $a|||| ||||| 200 1 $aSistema economico, bisogni sociali ed occupazione$eIl doppio lavoro nell'area barese$fFranco Chiariello 210 $aBologna$cIl Mulino$d1985 215 $a246 p.$d21 cm. 225 2$aStudi e ricerche$v99 410 1$12001$aStudi e ricerche$v99 606 $aOccupazione$xdoppio lavoro$2FI 620 $dBologna 676 $a331.7$cLavoro secondo il tipo di industria e d'impiego$v21 700 1$aCHIARIELLO,$bFranco$0494044 801 $aIT$bSOL$c20120104 912 $a990005465630203316 950 $aDIP.TO SCIENZE ECONOMICHE - (SA)$dDS 300 331.7 chi$e376 DISES 951 $a300 331.7 chi$b376 DISES 959 $aBK 969 $aDISES 979 $c20121027$lUSA01$h1532 979 $c20121027$lUSA01$h1613 979 $aPATRY$b90$c20130312$lUSA01$h1700 996 $aSistema economico, bisogni sociali ed occupazione$91128037 997 $aUNISA NUM $aUSA6703